000 01472cam a2200421 i 4500
001 19590056
003 JO-AjAnu
005 20240608131231.0
008 170407s2018 flu b 000 0 eng
010 _a 2017017013
020 _a9781482253979 (hardback : alk. paper)
020 _a1482253976 (hardback : alk. paper)
035 _a(DNLM)101703697
040 _aDNLM/DLC
_beng
_cDLC
_erda
_dDLC
_dJO-AjAnu
041 _aeng
_heng
042 _apcc
050 0 0 _aQR181
_b.N88 2019
060 1 0 _aQU 145
082 0 0 _a616.07/9
_223
130 0 _aNutrition, immunity, and infection (Calder)
245 1 0 _aNutrition, immunity, and infection /
_cedited by Philip C. Calder and Anil D. Kulkarni.
264 1 _aBoca Raton :
_bCRC Press, Taylor & Francis Group,
_c2019.
300 _axviii, 528 pages :
_billustrations (some color) ;
_c27 cm
336 _atext
_2rdacontent
337 _aunmediated
_2rdamedia
338 _avolume
_2rdacarrier
504 _aIncludes bibliographical references.
650 1 2 _aNutritional Physiological Phenomena
_ximmunology
650 1 2 _aImmune System
_xphysiology
650 2 2 _aNutrition Disorders
_ximmunology
650 2 2 _aImmunity
_xphysiology
650 2 2 _aInfection
_ximmunology
700 1 _aCalder, Philip C.,
_eeditor.
700 1 _aKulkarni, Anil D.
_q(Anil Digambar),
_eeditor.
906 _a7
_bcbc
_corignew
_d1
_eecip
_f20
_gy-gencatlg
942 _2lcc
_cBK
_n0
999 _c33507
_d33507